De las circunstancias atenuantes y agravantes: ley, doctrina y jurisprudencia chilena
Guardat en:
| Autors principals: | , |
|---|---|
| Format: | Llibre |
| Idioma: | espanyol |
| Publicat: |
Concepción
Samver
1955
|
| Matèries: | |
| Etiquetes: |
Afegir etiqueta
Sense etiquetes, Sigues el primer a etiquetar aquest registre!
|
MARC
| LEADER | 00000nam a2200000 a 4500 | ||
|---|---|---|---|
| 001 | UCL5508 | ||
| 003 | CL-VaPUC | ||
| 008 | 040312e19550000CL |||||||||||||||||spa|d | ||
| 082 | 0 | 4 | |a 345.8304 |b GON |2 21 |
| 100 | |a González Parada, Gustavo |e author |9 767280 | ||
| 700 | 0 | |a González Parada, Gastón |e author |9 483215 | |
| 245 | 1 | 0 | |a De las circunstancias atenuantes y agravantes: ley, doctrina y jurisprudencia chilena |
| 300 | |a 301 p | ||
| 942 | |c BK | ||
| 945 | |d 20040312 00:00:00 |a cmena | ||
| 260 | |a Concepción |b Samver |c 1955 | ||
| 650 | 0 | |a Responsabilidad penal |9 254899 | |
| 650 | 7 | |a CIRCUNSTANCIAS ATENUANTES |2 CL-VaPUC |9 256389 | |
| 650 | 7 | |a CIRCUNSTANCIAS AGRAVANTES |2 CL-VaPUC |9 483216 | |
| 650 | 0 | |a Jurisprudencia |9 255952 | |
| 650 | 0 | |a Penas |9 255927 | |
| 650 | 7 | |a DERECHO PENAL CHILENO |2 CL-VaPUC |9 483217 | |
| 583 | |a last modification |c 20040312 00:00:00 |k Rodrigo Vera | ||
| 999 | |c 308041 |d 308039 | ||
| 952 | |0 0 |1 0 |4 0 |6 345_830400000000000_GON_1955 |7 0 |8 A |9 374259 |a BIBDER |b BIBDER |d 2019-11-21 |i 3975401 |l 10 |m 1 |o 345.8304 GON 1955 |p 3975401 |r 2024-11-26 |s 2024-11-22 |w 2019-11-21 |y BK |k DER | ||